[Event "African Online-ch Open 2021"]
[Site "Online"]
[Date "2021.02.01"]
[Round "7.18"]
[White "Vermaak, Ashley Christopher"]
[Black "Njoroge Martin"]
[Result "1-0"]
[WhiteElo "1751"]
[BlackElo "1965"]
[Annotator "TA"]
[PlyCount "93"]
[EventDate "2021.02.01"]
[EventType "swiss"]
[EventCountry "NET"]
[SourceTitle "playchess.com"]
[Source "ChessBase"]
[SourceQuality "1"]

{[%evp 16,93,42,33,29,31,48,18,13,0,53,55,42,40,40,50,56,-16,63,0,16,16,5,-58,-70,-29,-27,-113,0,12,204,196,197,196,188,163,169,168,249,41,210,199,294,292,569,182,504,502,866,852,810,686,718,620,696,696,1154,1047,2297,2314,2260,1057,5230,5230,29940,6199,29963,29964,29964,29965,29965,29966,29967,29966,29989,29966,29962,29968,29969,6089]} 1. d4 Nf6 2. c4 g6 3. Nc3 c5 4. d5 e6 5. Nf3 exd5 6. cxd5 d6 7. Nd2 Bg7 8. e4 O-O 9. Be2 a6 {A72: Modern Benoni: Classical: Lines with Bg5.} 10. a4 Nbd7 11. Nc4 Nb6 {[#] The position is equal.} 12. Nd2 $146 ({Predecessor:} 12. Ne3 Bd7 13. O-O Re8 14. Qc2 Rb8 15. Re1 Nc8 16. a5 Na7 17. Nc4 Nb5 18. Nxb5 Bxb5 19. f3 Nh5 20. g3 Bxc4 21. Bxc4 f5 22. Kg2 Bd4 23. Bd2 fxe4 24. Rxe4 Rxe4 25. Qxe4 Bxb2 {0-1 (52) Palacios Perez,M (2151)-Hossain,E (2452) Batumi 2018}) 12... Bd7 (12... Nbd7 $11) 13. a5 Nc8 14. Nc4 Bb5 15. O-O Re8 16. Qc2 (16. f3 $14) 16... Na7 (16... b6 $11) 17. Bf4 (17. f3 {is interesting.} Bxc4 18. Bxc4 Nd7 19. Bf4 Bd4+ 20. Kh1) 17... Bxc4 18. Bxc4 Nb5 $1 {[%cal Rb5c3]} 19. Bxb5 (19. Rfe1 $11) 19... axb5 $15 20. Nxb5 Rxe4 21. Bg3 (21. Bxd6 $11 {keeps the balance.} Rb4 22. Nc7) 21... Rb4 (21... Bf8 $17 22. Ra3 Rb4) 22. Nxd6 $11 Nxd5 $2 (22... Rxa5 $11 {and Black is okay.} 23. Rxa5 Qxa5) 23. Qxc5 $18 Rd4 24. Nxb7 {[%cal Bd6b7,Bb7c5,Bc5b3][%mdl 32]} Qf6 25. a6 Nf4 26. Bxf4 Rxf4 (26... Qxf4 {was called for.} 27. Qc6 Qe4 28. Qxe4 Rxe4) 27. Qd6 $2 (27. Nd6 $18 {Hoping for Qc6.} Qxb2 28. Qd5) 27... Qf5 $2 (27... Bf8 $14 28. Qc7 Rb4) 28. Ra5 Qe4 (28... Qf6 $142 29. Qc7 Re4) 29. Nc5 Qc4 (29... Qd4 {was necessary.} 30. Qc6 Qd8) 30. Ra4 $2 (30. Qc6 Rf8 31. Ra4 (31. a7 Rxf2 32. Kxf2 Qf4+ {[%mdl 64] Double Attack} 33. Ke2 Qc4+ 34. Kf2 Qf4+ {[%mdl 64] Double Attack} 35. Ke2 Qc4+ 36. Kf2 $11) 31... Qxc5 {[%mdl 64] Remove Defender} 32. Qxc5 Rxa4 33. Qc6) 30... Rf6 $2 {[#]} (30... Qxa4 {is a better chance.} 31. Nxa4 Rxa4) 31. Qxf6 $3 {[%mdl 512]} Qxf1+ (31... Qxa4 $142 32. Qxg7+ (32. Nxa4 Bxf6 33. Rb1 Rxa6 $14) 32... Kxg7 33. Nxa4 Rxa6) 32. Kxf1 Bxf6 {[%mdl 4096] Endgame KRB-KRN} 33. b4 {[%cal Bb2b4,Bb4b5,Bb5b6][%mdl 32]} Bd4 34. Nb3 Bb6 35. b5 Ra7 36. Rc4 Kf8 37. Rc6 Bd8 38. Nc5 (38. Rc8 $142 Ke7 39. Nd4) 38... Ba5 39. b6 Re7 {[#]} 40. g3 (40. Ne6+ $142 $1 {[%mdl 512]} Rxe6 41. Rxe6 fxe6 42. a7 Bxb6 43. a8=Q+ Ke7 44. Qb7+ {[%mdl 64] Double Attack} Kf6 45. Qxb6) 40... Re1+ 41. Kg2 {White mates.} Bxb6 42. Rxb6 {KRN-KR} Ra1 43. Rb7 Kg7 44. a7 Kf6 45. Nd7+ Kf5 46. Nb6 Ke4 47. a8=Q {Weighted Error Value: White=0.48/Black=0.76} 1-0

[Event "African Online-ch Open 2021"]
[Site "Online"]
[Date "2021.02.01"]
[Round "7.19"]
[White "Singe, Philip Mbawala"]
[Black "Strovsky, Mikhail"]
[Result "0-1"]
[WhiteElo "1857"]
[BlackElo "2164"]
[Annotator "TA"]
[PlyCount "124"]
[EventDate "2021.02.01"]
[EventType "swiss"]
[EventCountry "NET"]
[SourceTitle "playchess.com"]
[Source "ChessBase"]
[SourceQuality "1"]

{[%evp 11,123,-16,4,-17,-13,-20,-22,-40,-29,-35,-36,-53,-27,-50,-44,-68,-55,-69,-67,-79,-50,-43,-43,-56,-60,-53,-58,-55,-43,-43,-44,-80,-77,-74,-24,-31,-29,-339,-346,-344,-338,-331,-313,-391,-362,-369,-366,-362,-363,-364,-356,-359,-351,-400,-394,-400,-392,-431,-436,-443,-436,-439,-392,-480,-472,-481,-474,-489,-480,-658,-639,-772,-768,-776,-722,-752,-716,-834,-833,-869,-864,-829,-817,-786,-737,-1111,-1022,-1990,-1889,-1816,-1270,-5505,-4926,-29985,-29986,-29987,-29988,-29989,-29990,-29991,-29988,-29992,-29993,-29996,-29993,-29993,-29993,-29993,-29970,-29982,-29964,-29998,-29999,-29999]} 1. Nf3 d5 2. g3 e6 3. Bg2 Nf6 4. O-O Be7 5. d4 O-O 6. Nbd2 b6 7. Re1 {D02: 1 d4 d5 2 Nf3 sidelines, including 2...Nf6 3 g3 and 2...Nf6 3 Bf4.} Bb7 8. c3 Nbd7 9. Qc2 {The position is equal.} c5 10. e3 Rc8 {[#]} 11. a4 $146 ({Predecessor:} 11. Qd1 Ne4 12. Nxe4 dxe4 13. Nd2 Nf6 14. Bf1 Re8 15. Nc4 Bd6 16. b3 e5 17. Nxd6 Qxd6 18. dxc5 Qxd1 19. Rxd1 Rxc5 {1-0 (40) Coleman,P (109)-Karpe,D (72) Llandudno 2017}) 11... Re8 12. Qb3 Qc7 13. a5 c4 14. axb6 axb6 ({Worse is} 14... cxb3 15. bxc7 a6 16. Nxb3 $16) ({Reject} 14... Qxb6 15. Qxb6 axb6 16. Ra7 $11) 15. Qc2 Ra8 16. Rxa8 Rxa8 17. e4 dxe4 18. Ng5 {[%cal Rd2e4]} e3 $36 {[%mdl 2048] Black has some pressure.} 19. fxe3 Bxg2 20. Kxg2 h6 21. Ngf3 b5 22. e4 b4 (22... Ra2 {looks sharper.} 23. h3 Qc6 24. Nb1 Qa6 25. Nbd2 e5) 23. cxb4 Bxb4 24. Qxc4 $2 {[%mdl 8192] [#] This costs White the game.} (24. Re2 $11 {and White has nothing to worry.}) 24... Qxc4 $19 25. Nxc4 Bxe1 26. Nxe1 Nxe4 27. Nd2 Nxd2 28. Bxd2 {[%mdl 4096] Endgame KRN-KBN} Nb6 29. Kf3 Nd5 30. Ke4 Kf8 31. Kd3 Ke7 32. Bc3 Ra1 33. Bd2 Kd6 34. Kc2 {[#]} Ne3+ $1 {[%mdl 512]} 35. Kd3 Nf1 36. Bb4+ Kc6 37. Nc2 Rb1 38. Bf8 Nxh2 39. Bxg7 Ng4 40. Na3 Rg1 41. Bf8 Rxg3+ 42. Ke4 f5+ 43. Kf4 Rd3 44. Nc2 Rd2 45. Nb4+ Kb5 46. d5 Rd4+ 47. Kg3 exd5 48. Na2 Kc4 49. Bg7 Rd2 50. Kf4 Rf2+ 51. Kg3 d4 52. Nc1 Rxb2 {Black mates.} 53. Kf3 Rc2 54. Ne2 d3 55. Nd4 Rf2+ 56. Kg3 d2 57. Nc2 Kd3 58. Nb4+ Ke2 59. Na2 d1=N 60. Nb4 Rf3+ 61. Kg2 Nde3+ 62. Kg1 Rf1# {Weighted Error Value: White=0.49/Black=0.07} 0-1

[Event "African Online-ch Open 2021"]
[Site "Online"]
[Date "2021.02.01"]
[Round "7.20"]
[White "Libe, Sofonea"]
[Black "Kamara, Ansumana"]
[Result "1/2-1/2"]
[WhiteElo "1509"]
[BlackElo "1899"]
[Annotator "NA RC"]
[PlyCount "186"]
[EventDate "2021.02.01"]
[EventType "swiss"]
[EventCountry "NET"]
[SourceTitle "playchess.com"]
[Source "ChessBase"]
[SourceQuality "1"]
[TimeControl "1500+10"]

1. c4 {[%emt 0:00:00]} Nf6 {[%emt 0:00:07]} 2. g3 {[%emt 0:00:08]} g6 {[%emt 0:00:03]} 3. Bg2 {[%emt 0:00:03]} Bg7 {[%emt 0:00:02]} 4. Nc3 {[%emt 0:00:03]} c6 {[%emt 0:00:03]} 5. e4 {[%emt 0:00:02]} e5 {[%emt 0:00:06]} 6. Nge2 {[%emt 0:00:06]} d6 {[%emt 0:00:06]} 7. d3 {[%emt 0:00:07]} Nbd7 {[%emt 0:00:04]} 8. Be3 {[%emt 0:00:02]} Nb6 {[%emt 0:00:04]} 9. h3 {[%emt 0:00:07]} O-O {[%emt 0:00:24]} 10. a4 {[%emt 0:00:03]} Nbd7 {[%emt 0:00:36]} 11. O-O {[%emt 0:00:03]} b6 {[%emt 0:00:10]} 12. Qd2 {[%emt 0:00:10]} Qc7 {[%emt 0:00:09]} 13. Bh6 {[%emt 0:01:31]} Nc5 {[%emt 0:00:07]} 14. Nc1 {[%emt 0:00:42]} Be6 {[%emt 0:01:14]} 15. Bxg7 {[%emt 0:00:08]} Kxg7 {[%emt 0:00:06]} 16. b4 {[%emt 0:00:03]} Nb7 {[%emt 0:00:14]} 17. N1e2 {[%emt 0:00:23]} Qd7 {[%emt 0:00:10]} 18. Kh2 {[%emt 0:00:03]} Nh5 {[%emt 0:00:15]} 19. f4 {[%emt 0:00:06]} exf4 {[%emt 0:00:13]} 20. Nxf4 {[%emt 0:00:07]} Nxf4 {[%emt 0:00:03]} 21. Rxf4 {[%emt 0:00:05]} f5 {[%emt 0:00:05]} 22. Raf1 {[%emt 0:00:04]} Rf7 {[%emt 0:00:29]} 23. b5 {[%emt 0:00:21]} c5 {[%emt 0:00:42]} 24. exf5 {[%emt 0:00:22]} Bxf5 {[%emt 0:00:11]} 25. Nd5 {[%emt 0:00:14]} Raf8 {[%emt 0:00:11]} 26. Qc3+ {[%emt 0:01:10]} Kg8 {[%emt 0:00:10]} 27. g4 {[%emt 0:00:12]} Be6 {[%emt 0:01:31]} 28. Nf6+ {[%emt 0:00:25]} Rxf6 {[%emt 0:00:07]} 29. Rxf6 {[%emt 0:00:02]} Re8 {[%emt 0:00:42]} 30. Bc6 {[%emt 0:01:13] Skewer} Qe7 {[%emt 0:00:26]} 31. Bxe8 {[%emt 0:00:07]} Qxe8 {[%emt 0:00:06]} 32. Qd2 {[%emt 0:00:25]} Nd8 {[%emt 0:00:16]} 33. Qe3 {[%emt 0:03:06]} Qd7 {[%emt 0:01:23]} 34. Qf4 {[%emt 0:04:30]} Kg7 {[%emt 0:03:32]} 35. d4 {[%emt 0:00:46]} Bxc4 {[%emt 0:01:12]} 36. Rxd6 {[%emt 0:00:10]} Qe7 {[%emt 0:00:12]} 37. Rf3 {[%emt 0:01:24]} Nf7 {[%emt 0:04:05]} 38. Re3 {[%emt 0:01:18]} Qxd6 {[%emt 0:00:18]} 39. Qxd6 {[%emt 0:00:15]} Nxd6 {[%emt 0:00:05]} 40. dxc5 {[%emt 0:00:05]} bxc5 {[%emt 0:00:05]} 41. Re7+ {[%emt 0:00:05]} Bf7 $2 {[%emt 0:00:10]} (41... Kf6 42. Rxa7 Bd5) 42. Rxa7 {[%emt 0:00:03]} c4 {[%emt 0:00:04]} 43. Rc7 {[%emt 0:00:06]} Kf6 {[%emt 0:00:16]} 44. b6 {[%emt 0:00:03]} Bd5 {[%emt 0:00:06]} 45. a5 {[%emt 0:00:04]} Bb7 {[%emt 0:00:10]} 46. Rxb7 {[%emt 0:00:54]} Nxb7 {[%emt 0:01:31]} 47. a6 {[%emt 0:00:05]} c3 {[%emt 0:00:03]} 48. axb7 {[%emt 0:00:05]} c2 {[%emt 0:00:03]} 49. b8=Q {[%emt 0:00:09]} c1=Q {[%emt 0:00:05]} 50. Qd6+ {[%emt 0:00:04]} Kg5 {[%emt 0:00:24]} 51. Qe7+ {[%emt 0:00:12]} Kh6 {[%emt 0:00:05]} 52. g5+ {[%emt 0:00:26]} (52. b7 $142 Qf4+ 53. Kg2 Qb8 54. Kf3 Qg8 55. Qe3+ g5 56. Qb6+ Kg7 57. Qb2+ Kg6 58. b8=Q) 52... Kh5 {[%emt 0:00:07]} 53. Qxh7+ {[%emt 0:00:12]} Kxg5 {[%emt 0:00:03]} 54. Qe7+ {[%emt 0:00:04]} Kh5 {[%emt 0:00:07]} 55. Qe5+ {[%emt 0:00:53]} Kh6 {[%emt 0:00:16]} 56. Qd4 {[%emt 0:00:49]} Qc2+ {[%emt 0:00:37]} 57. Kg3 {[%emt 0:00:10]} Qb3+ {[%emt 0:00:13]} 58. Kf2 {[%emt 0:00:26]} Qc2+ {[%emt 0:00:13]} 59. Kf3 {[%emt 0:00:07]} g5 {[%emt 0:00:35]} 60. Qf6+ {[%emt 0:00:28]} Kh5 {[%emt 0:00:12]} 61. Qf7+ {[%emt 0:00:23]} Kh4 {[%emt 0:00:34]} 62. Qc7 {[%emt 0:01:41]} Qb3+ {[%emt 0:00:18]} 63. Ke4 {[%emt 0:00:05]} Qe6+ {[%emt 0:01:17]} 64. Kd4 {[%emt 0:00:13]} Qf6+ {[%emt 0:00:10]} 65. Kc5 {[%emt 0:00:12]} Qf2+ {[%emt 0:00:47]} 66. Kc6 {[%emt 0:00:25]} Qf3+ {[%emt 0:00:11]} 67. Kb5 {[%emt 0:00:05]} Qb3+ {[%emt 0:00:13]} 68. Ka6 {[%emt 0:00:10]} Qa4+ {[%emt 0:00:07]} 69. Kb7 {[%emt 0:00:08]} Kxh3 {[%emt 0:00:06]} 70. Kb8 {[%emt 0:01:01]} g4 {[%emt 0:00:29]} 71. b7 {[%emt 0:00:12]} g3 {[%emt 0:00:26]} 72. Qh7+ {[%emt 0:00:11]} Kg4 {[%emt 0:00:18]} 73. Kc8 {[%emt 0:00:14]} Qe8+ {[%emt 0:00:43]} 74. Kc7 {[%emt 0:00:15]} Qe5+ {[%emt 0:00:07]} 75. Kc8 {[%emt 0:00:25]} Qe8+ {[%emt 0:00:31]} 76. Kc7 {[%emt 0:00:12]} Qe5+ {[%emt 0:00:08]} 77. Kb6 {[%emt 0:00:23]} g2 {[%emt 0:01:33]} 78. Qg8+ {[%emt 0:00:26]} Qg5 {[%emt 0:00:38]} 79. b8=Q {[%emt 0:00:33]} g1=Q+ {[%emt 0:00:21]} 80. Ka6 {[%emt 0:01:14]} Qa1+ {[%emt 0:00:13]} 81. Kb7 {[%emt 0:00:13]} Qb2+ {[%emt 0:00:07]} 82. Kc6 {[%emt 0:00:22]} Qc3+ {[%emt 0:00:08]} 83. Kd6 {[%emt 0:00:42]} Qd4+ {[%emt 0:01:01]} 84. Kc7 {[%emt 0:00:22]} Qdc5+ {[%emt 0:00:42]} 85. Kb7 {[%emt 0:00:23]} Qb5+ {[%emt 0:00:24]} 86. Kc7 {[%emt 0:00:09]} Qa5+ {[%emt 0:00:21]} 87. Kb7 {[%emt 0:00:17]} Qab5+ {[%emt 0:00:18]} 88. Kc7 {[%emt 0:00:04]} Qbc5+ {[%emt 0:00:11]} 89. Kb7 {[%emt 0:00:04]} Qce7+ {[%emt 0:00:06]} 90. Ka8 {[%emt 0:00:53]} Qe4+ {[%emt 0:00:21]} 91. Ka7 $11 {[%emt 0:00:08]} Qd4+ {[%emt 0:00:09]} 92. Kb7 {[%emt 0:00:10]} Qb4+ {[%emt 0:00:05]} 93. Kc7 {[%emt 0:00:02]} Qbc5+ {[%emt 0:00:04]} 1/2-1/2

[Event "African Online-ch Open 2021"]
[Site "Online"]
[Date "2021.02.01"]
[Round "7.21"]
[White "Monaheng Motlomelo"]
[Black "Bongo Akanga Ndjila, Barthelemy"]
[Result "0-1"]
[WhiteElo "1538"]
[BlackElo "1803"]
[Annotator "NA RC"]
[PlyCount "66"]
[EventDate "2021.02.01"]
[EventType "swiss"]
[EventCountry "NET"]
[SourceTitle "playchess.com"]
[Source "ChessBase"]
[SourceQuality "1"]
[TimeControl "1500+10"]

1. e4 {[%emt 0:00:00]} g6 {[%emt 0:00:23]} 2. Nf3 {[%emt 0:00:25]} Bg7 {[%emt 0:00:02]} 3. d4 {[%emt 0:00:35]} c5 {[%emt 0:00:13]} 4. c3 {[%emt 0:00:40]} cxd4 {[%emt 0:00:23]} 5. cxd4 {[%emt 0:00:28]} d6 {[%emt 0:00:01]} 6. Bc4 {[%emt 0:00:32]} Nf6 {[%emt 0:00:23]} 7. Nc3 {[%emt 0:00:11]} O-O {[%emt 0:00:04]} 8. O-O {[%emt 0:00:17]} Nc6 {[%emt 0:00:33]} 9. h3 {[%emt 0:00:20]} Nxe4 {[%emt 0:00:42]} 10. Bxf7+ {[%emt 0:00:52]} Rxf7 {[%emt 0:00:04]} 11. Nxe4 {[%emt 0:00:06]} Rxf3 {[%emt 0:01:26]} 12. Qxf3 {[%emt 0:00:31]} Nxd4 {[%emt 0:00:02]} 13. Qd1 {[%emt 0:00:36]} Bf5 {[%emt 0:03:22]} 14. Be3 {[%emt 0:02:28]} Qb6 {[%emt 0:04:42]} 15. Ng3 {[%emt 0:01:09]} Be6 {[%emt 0:00:16]} 16. Re1 {[%emt 0:00:29]} Bf7 {[%emt 0:02:40]} 17. Rb1 {[%emt 0:01:04]} Bxa2 {[%emt 0:00:10]} 18. Ra1 {[%emt 0:00:06]} Bb3 {[%emt 0:00:08]} 19. Bxd4 {[%emt 0:00:28]} Bxd4 {[%emt 0:00:07]} 20. Qe2 {[%emt 0:00:27]} Rf8 {[%emt 0:00:44]} 21. Nh1 {[%emt 0:00:15]} e5 {[%emt 0:00:18]} 22. Ra3 {[%emt 0:02:02]} d5 {[%emt 0:00:45]} 23. Rea1 {[%emt 0:01:31]} Bc4 {[%emt 0:00:11]} 24. Qd2 {[%emt 0:00:36]} Qxb2 {[%emt 0:00:17]} 25. Qxb2 {[%emt 0:01:28]} Bxb2 {[%emt 0:00:11]} 26. Rxa7 {[%emt 0:00:04]} Bxa1 {[%emt 0:00:04]} 27. Rxa1 {[%emt 0:00:04]} b5 {[%emt 0:00:01]} 28. f3 {[%emt 0:00:09]} b4 {[%emt 0:00:02]} 29. Nf2 {[%emt 0:00:12]} b3 {[%emt 0:00:03]} 30. Rb1 {[%emt 0:00:07]} Rb8 {[%emt 0:00:08]} 31. Rb2 {[%emt 0:00:07]} Ra8 {[%emt 0:00:04]} 32. Nd1 {[%emt 0:00:06]} Ra1 {[%emt 0:00:03]} 33. Rd2 {[%emt 0:00:18]} b2 {[%emt 0:00:37]} 0-1

[Event "African Online-ch Open 2021"]
[Site "Online"]
[Date "2021.02.01"]
[Round "7.22"]
[White "Ebersohn, Raymond Gerhard"]
[Black "Sang, Ricky"]
[Result "0-1"]
[WhiteElo "1726"]
[BlackElo "1991"]
[Annotator "TA"]
[PlyCount "88"]
[EventDate "2021.02.01"]
[EventType "swiss"]
[EventCountry "NET"]
[SourceTitle "playchess.com"]
[Source "ChessBase"]
[SourceQuality "1"]

{[%evp 9,88,22,37,15,18,14,29,22,21,-15,0,-8,9,3,37,26,45,0,60,47,60,4,18,0,0,-11,25,28,147,151,147,163,166,169,165,162,201,138,143,136,136,115,208,160,160,116,146,75,73,-14,-22,-16,-11,-209,-136,-229,-166,-224,-170,-175,-161,-161,-51,-298,-37,-33,-44,-1931,-1727,-29982,-29983,-5509,-294,-29979,-552,-1483,-1383,-29989,-29990,-29990,-29984]} 1. e4 c5 2. Nc3 a6 3. f4 d6 4. g3 b5 5. Bg2 Bb7 6. d3 {B23: Closed Sicilian: Lines without g3.} e6 7. Nf3 Nf6 $1 {7...Nf6 is better than 7...Nd7.} 8. O-O {White has an edge.} Be7 9. h3 Qc7 10. g4 Nbd7 11. Ne2 {[#]} c4 $146 ({Predecessor:} 11... Rc8 12. Ng3 O-O 13. Qe2 c4 14. d4 c3 15. b3 Qb6 16. g5 Ne8 17. Be3 d5 {1-0 (31) Esipenko,A (1843)-Nikishin,S (2051) Sochi 2017}) 12. Ng3 Nc5 13. f5 e5 (13... O-O $11) 14. g5 $1 $14 {[%cal Rg5f6]} Nfd7 15. Nh5 (15. Be3 $14) 15... Rg8 $11 16. Nh4 O-O-O 17. b3 cxd3 18. cxd3 h6 (18... Kb8 $11 {remains equal.}) 19. f6 $16 gxf6 20. Nf5 Bf8 21. gxh6 Kb8 (21... Nxe4 $2 22. dxe4 Bxe4 23. Nhg3 $18) 22. Be3 Ne6 23. Rc1 Qa5 24. Rf2 Rh8 25. a4 Ng5 (25... b4 $16) 26. h4 Ne6 27. axb5 Qxb5 28. Bf1 (28. b4 $142) 28... Nd4 {...Nxf5 is the strong threat.} 29. Bxd4 ({Much weaker is} 29. Nxd4 exd4 30. Bxd4 Bxh6 $11) (29. Nhg3 $16) 29... exd4 $11 30. Rc4 (30. Nxd4 $2 Qb6 $19) 30... Bxh6 {aiming for ...Be3.} 31. Nxd6 $2 (31. Rxd4 $11 {and White is okay.} Rdg8+ 32. Rg2) 31... Rdg8+ 32. Bg2 (32. Kh1 $17 Qb6 33. Nf5) 32... Qb6 $19 33. Nxf7 Rh7 34. Nxh6 Rxh6 35. Rf5 {[#]} Ne5 ({Black should try} 35... Rhg6 $1 $19 {[%cal Rg6g2]} 36. Nf4 Rg3) 36. Rc2 ({White has to play} 36. Nxf6 $1 $15 Rxg2+ 37. Kxg2 Nxc4 38. Nd7+ Ka7 39. Nxb6 (39. bxc4 Qd8 $17) 39... Ne3+ {[%mdl 64] Double Attack} 40. Kg3 Nxd1 41. Nd7) 36... Bc8 $2 ({Better is} 36... Qd6 $19 {Hoping for ...Ng4.} 37. Qf1 Ng4) 37. Nxf6 $15 {[#]} Rxg2+ 38. Kxg2 $4 {[%mdl 8192]} (38. Rxg2 $15 Bxf5 39. Rg8+ Bc8 40. Qc1 (40. Rxc8+ $2 Kb7 $19) 40... Rg6+ 41. Rxg6 Nxg6 42. Qg5) 38... Bxf5 $19 39. exf5 Qxf6 {[%mdl 64] Double Attack} 40. Qc1 Rh8 $2 (40... Qxf5 {( -> ...Qg4+)} 41. Qg5 Rg6 {[%mdl 64] Pin}) 41. Qf4 (41. Qg5 $19 Qd6 42. Qg3 Qd5+ {[%mdl 64] Double Attack} 43. Kf2) 41... Rg8+ (41... Rxh4 $142 42. Qg3 Rg4 43. Qxg4 Nxg4 44. Kg1 Qxf5 45. Rd2 Ne3 46. Rb2 Qxd3 47. b4 Qf1+ 48. Kh2 Qd3 49. b5 Qc3 50. Ra2 axb5 51. Kg3 d3 52. Kf4 Qd4+ 53. Kf3 d2 54. Rxd2 Qxd2 55. Kf4 b4 56. Kg3 b3 57. Kf4 b2 58. Kg5 b1=Q 59. Kf6 Qf5+ 60. Kg7 Qdd7+ 61. Kh8 Qfh7#) 42. Kf1 Rg4 {[%mdl 64] Double Attack} 43. Qd2 Qxf5+ {[%mdl 64] Double Attack} 44. Qf2 Rf4 {Weighted Error Value: White=0.94/Black=0.65} 0-1

[Event "African Online-ch Open 2021"]
[Site "Online"]
[Date "2021.02.01"]
[Round "8.1"]
[White "Amin, Bassem"]
[Black "Bellahcene, Bilel"]
[Result "1/2-1/2"]
[WhiteElo "2693"]
[BlackElo "2510"]
[Annotator "TA"]
[PlyCount "47"]
[EventDate "2021.02.01"]
[EventType "swiss"]
[EventCountry "NET"]
[SourceTitle "playchess.com"]
[Source "ChessBase"]
[SourceQuality "1"]

{[%evp 16,47,0,6,15,12,2,3,14,21,19,0,5,0,27,17,26,20,37,29,39,30,40,38,41,41,41,38,37,0,42,0,39,0]} 1. e4 e6 2. d3 c5 3. g3 Nc6 4. Bg2 g6 5. Nf3 Bg7 6. O-O Nge7 7. c3 O-O 8. Be3 (8. Re1 e5 9. a3 d6 10. b4 a6 11. Nbd2 Be6 12. Rb1 h6 13. Nf1 cxb4 14. axb4 d5 15. Ne3 d4 16. cxd4 exd4 17. Nc4 b5 18. Ncd2 a5 19. bxa5 Qxa5 20. h4 Rfd8 21. Nb3 Qb6 {0-1 (79) Amin,B (2707)-Bellahcene,B (2541) Hammamet 2019}) 8... b6 9. d4 cxd4 {A04: Unusual lines after 1 Nf3 and King's Indian Attack.} 10. cxd4 d5 11. e5 f6 {The position is equal.} 12. exf6 Bxf6 13. Nc3 Nf5 14. Qd2 Bd7 15. Rfe1 {[#]} Nxe3 $146 ({Predecessor:} 15... Rc8 16. Rad1 Qe7 17. Bf4 Qg7 18. Be5 Nxe5 19. Nxe5 Bxe5 20. Rxe5 Rc4 21. Rxd5 Bc6 {0-1 (48) Bologan,V (2574)-Yagupov,I (2357) Moscow 2019}) 16. Qxe3 Bg7 17. Rad1 Qf6 18. h4 Kh8 19. Ne2 Rae8 20. Nf4 Bh6 {[%cal Rh6f4]} 21. Ng5 Bg7 {[%cal Rc6d4]} 22. Nf3 Bh6 {[%cal Rh6f4]} 23. Ng5 (23. Nxd5 $5 Qg7 24. Nf4 $11) 23... Bg7 {[%cal Rc6d4]} 24. Nf3 {Weighted Error Value: White=0.08/Black=0.05} 1/2-1/2

[Event "African Online-ch Open 2021"]
[Site "Online"]
[Date "2021.02.01"]
[Round "8.2"]
[White "Amdouni, Zoubaier"]
[Black "Adly, Ahmed"]
[Result "0-1"]
[WhiteElo "2229"]
[BlackElo "2615"]
[Annotator "TA"]
[PlyCount "78"]
[EventDate "2021.02.01"]
[EventType "swiss"]
[EventCountry "NET"]
[SourceTitle "playchess.com"]
[Source "ChessBase"]
[SourceQuality "1"]

{[%evp 15,78,-6,-12,-41,-51,-96,-95,-157,-78,-145,-44,-50,-56,-69,-77,-125,-137,-134,-118,-133,-79,-120,-119,-150,-118,-118,-106,-123,-113,-123,-123,-116,-126,-149,-88,-357,-185,-264,-153,-194,-207,-198,-199,-239,-235,-243,-218,-499,-502,-497,-461,-452,-323,-473,-479,-512,-511,-858,-858,-918,-1081,-915,-998,-1010,-997]} 1. e4 c6 2. d4 d5 3. e5 Bf5 4. Nc3 e6 5. g4 Bg6 6. Nge2 c5 7. h4 h5 8. Nf4 Bh7 9. dxc5 {B12: Caro-Kann: Advance Variation.} hxg4 10. Be3 Nc6 {And now ...d4 would win.} 11. Bb5 {[#]} (11. Qxg4 $142 Bxc2 12. Nb5 Nxe5 13. Qg3) 11... Bf5 $146 (11... Nge7 $142 $1 12. Nfe2 (12. Qxg4 Bxc2 13. Qe2 Bf5 $17) 12... Nf5) ({Predecessor:} 11... Nge7 12. Qxg4 Bf5 13. Qd1 a6 14. Ba4 Qc7 15. Nd3 O-O-O 16. Bxc6 Nxc6 17. Bf4 Bxd3 18. Qxd3 Bxc5 {0-1 (51) Stieber,U (1755)-Galbraith,M (1587) Husum 2002}) 12. Qe2 {[#]} (12. Nfe2 $142) 12... a6 ({Don't play} 12... Rxh4 13. O-O-O $17) (12... g5 $1 $17 {[%cal Rg5f4]} 13. Nd3 gxh4) 13. Bxc6+ $15 bxc6 14. O-O-O Qa5 15. Rd4 Bxc5 16. Ra4 Bxe3+ 17. Qxe3 Qd8 ({Black should try} 17... Qc7 18. h5 Ne7) 18. Qc5 Ne7 19. Nfe2 Qb8 20. Rb4 {[#]} Qc7 21. Nd4 O-O 22. Nxf5 exf5 23. Re1 Rfb8 24. Rf4 Qa7 (24... f6 $142 25. Qd6 Qxd6 26. exd6 Ng6 {[%mdl 64] Double Attack} 27. Rxf5 Nxh4) 25. Qa3 $2 {[%mdl 8192] This costs White the game.} (25. Na4 $17 {was called for.}) 25... c5 (25... Ng6 $142 26. Rxf5 Nxh4) 26. e6 (26. Na4 {was worth a try.}) 26... f6 ({Black should play} 26... fxe6 $19 {White must now prevent ...d4.} 27. Rxe6 Qd7) 27. Ra4 a5 28. Ne2 Rb4 29. Nf4 c4 30. Rxb4 axb4 ({Less strong is} 30... Qxf2 31. Ng2 $11) 31. Qxb4 (31. Qxa7 {was the only chance.} Rxa7 32. Rd1) 31... Qxf2 $19 {[%mdl 64] Double Attack} 32. Qd2 Qxd2+ 33. Kxd2 Rxa2 {[%mdl 4096] Endgame KRN-KRN} 34. Kc3 (34. h5 $142) 34... g5 {Black is clearly winning.} 35. Nh5 gxh4 36. Nxf6+ (36. Kd4 $142) 36... Kg7 37. Nh5+ Kg6 38. Nf4+ Kg5 39. Ne2 g3 {Weighted Error Value: White=0.67/Black=0.28} 0-1